| 000 | 00940nam a22002297a 4500 | ||
|---|---|---|---|
| 999 |
_c1211 _d1211 |
||
| 003 | AR-CdUCM | ||
| 008 | 190226b ||||| |||| 00| 0 spa d | ||
| 020 | _a9789972571114 | ||
| 040 |
_aMUNICIPALIDAD PROVINCIAL DEL CUSCO _cBIBLIOTECA MUNICIPAL DEL CUSCO |
||
| 082 |
_a376.5 / _bY74 |
||
| 100 |
_aYamada, Gustavo _94727 |
||
| 245 |
_aRetornos a la educación superior en el mercado laboral : _b¿vale la pena el esfuerzo? / |
||
| 260 |
_aLima : _bUniversidad Pacifico , _c2007. |
||
| 300 |
_a98 páginas ; _c20 cm. |
||
| 440 |
_aDocumento de trabajo _n78 _94728 |
||
| 500 | _zevolución de los retornos de educación en el Perú -- Retornos lineales -- Convexidad de los retornos -- Retornos de grupo observacionales importantes -- corrección por sesgo de selección... | ||
| 650 |
_aEducación. _9460 |
||
| 650 |
_aCesiones de Clase. _94729 |
||
| 650 |
_aEducación superior. _92963 |
||
| 942 |
_2ddc _cLIBROS |
||
| 945 |
_awfj _d2019-02-26 |
||